| 000 | 00836nam a2200229 a 4500 | ||
|---|---|---|---|
| 005 | 20210223122826.0 | ||
| 008 | 991125s1973 es 000 0 spa u | ||
| 020 | _a8403019963 | ||
| 035 | _aUPN01000042337 | ||
| 049 | _aCE | ||
| 050 | 4 |
_aB1649 _bR948 1973 |
|
| 100 | 1 |
_aRussell, Bertrand Arthur William, _d1872-1970 |
|
| 245 | 1 | 0 |
_aObras completas / _cBertrand Russell ; tr. del inglés por Juan Martín Ruiz-Werner ; pról. José Barrio Gutiérrez. |
| 260 |
_aMadrid : _bAguilar, _c1973. |
||
| 300 |
_av. : _bil. |
||
| 440 | 0 | _aGrandes culturas | |
| 500 | _aLa biblioteca tiene el v.1 | ||
| 505 | 8 |
_aContenido: _gv.1. _tHistoria de la filosofía : historia de la filosofía occidental, la sabiduría de occidente |
|
| 600 | 1 | 4 |
_aRUSSELL, BERTRAND ARTHUR WILLIAM, _d1872-1970 |
| 650 | 4 |
_aFILOSOFIA INGLESA _917736 |
|
| 905 | _aLibro | ||
| 999 |
_c42337 _d42337 |
||